Catálogo público

Ecology : (Record no. 208819)

MARC details
000 -CABECERA
campo de control de longitud fija 00935nam a2200325Ia 4500
001 - NÚMERO DE CONTROL
campo de control Para_10127
003 - IDENTIFICADOR DEL NÚMERO DE CONTROL
campo de control CHAP
008 - DATOS DE LONGITUD FIJA--INFORMACIÓN GENERAL
campo de control de longitud fija 220125s2009 xx 000 0 und d
010 ## - NÚMERO DE CONTROL DE LA BIBLIOTECA DEL CONGRESO
Número de control de LC 208819
020 ## - NÚMERO INTERNACIONAL ESTÁNDAR DEL LIBRO
Número Internacional Estándar del Libro 978 - 0 - 321 - 50743 - 3
040 ## - FUENTE DE LA CATALOGACIÓN
Centro/agencia transcriptor CHAP
082 ## - NÚMERO DE LA CLASIFICACIÓN DECIMAL DEWEY
Número de clasificación PA 574.58 K74 2009
100 ## - ENTRADA PRINCIPAL--NOMBRE DE PERSONA
Nombre de persona Krebs, Charles J. E
9 (RLIN) 170145
245 ## - MENCIÓN DE TÍTULO
Título Ecology :
Resto del título the experimental analysis of distribution and abundance
250 ## - MENCIÓN DE EDICIÓN
Mención de edición 6
260 ## - PUBLICACIÓN, DISTRIBUCIÓN, ETC.
Lugar de publicación, distribución, etc. San Fransisco Boston :
Nombre del editor, distribuidor, etc. Benjamin Cummings
300 ## - DESCRIPCIÓN FÍSICA
Extensión 655 p.
500 ## - NOTA GENERAL
Nota general En cada capitulo incluye referencias bibliográficas
650 ## - PUNTO DE ACCESO ADICIONAL DE MATERIA--TÉRMINO DE MATERIA
Término de materia o nombre geográfico como elemento de entrada Ecología
9 (RLIN) 35134
650 ## - PUNTO DE ACCESO ADICIONAL DE MATERIA--TÉRMINO DE MATERIA
Término de materia o nombre geográfico como elemento de entrada Fitogeografía
9 (RLIN) 41157
650 ## - PUNTO DE ACCESO ADICIONAL DE MATERIA--TÉRMINO DE MATERIA
Término de materia o nombre geográfico como elemento de entrada Población animal
9 (RLIN) 170146
650 ## - PUNTO DE ACCESO ADICIONAL DE MATERIA--TÉRMINO DE MATERIA
Término de materia o nombre geográfico como elemento de entrada Zoogeografía
9 (RLIN) 124148
901 ## - ELEMENTOS DE DATOS A LOCAL LDA (RLIN)
a PA 574.58 K74 2009
902 ## - ELEMENTOS DE DATOS B LOCAL, LDB (RLIN)
a M
905 ## - ELEMENTOS DE DATOS E LOCAL, LDE (RLIN)
a 5232202009 amn 8000000300 06
910 ## - DATOS DE OPCIÓN DEL USUARIO (OCLC)
Datos de opción del usuario 2009
942 ## - ELEMENTOS DE PUNTO DE ACCESO ADICIONAL (KOHA)
Tipo de ítem Koha Parasitologia_
942 ## - ELEMENTOS DE PUNTO DE ACCESO ADICIONAL (KOHA)
Tipo de ítem Koha Parasitologia_
-- 1
Holdings
Estado de retiro Estado de pérdida Fuente del sistema de clasificación o colocación Estado dañado Restricciones de uso No para préstamo Código de colección Localización permanente Ubicación/localización actual Fecha de adquisición Información codificada de la localización en otra ubicación Número de inventario Total de préstamos Signatura topográfica completa Código de barras Fecha visto por última vez Número de copia Precio válido a partir de Tipo de ítem Koha Nota pública
    Dewey Decimal Classification   Préstamo 3 días   General Parasitologia Agricola Parasitologia Agricola 30/01/2015 PARA (PA_010283) (No. UACh C/E)   PA 574.58 K74 2009 4102000275 25/01/2022 Ej.3 25/01/2022 Libro 3
    Dewey Decimal Classification   Préstamo interno   General Parasitologia Agricola Parasitologia Agricola 21/01/2015 PARA (PA_010281) (No. UACh C/E)   PA 574.58 K74 2009 4102000273 25/01/2022 Ej.1 25/01/2022 Libro 3
    Dewey Decimal Classification   Préstamo 3 días   General Parasitologia Agricola Parasitologia Agricola 30/01/2015 PARA (PA_010282) (No. UACh C/E)   PA 574.58 K74 2009 4102000274 25/01/2022 Ej.2 25/01/2022 Libro 3